Latin American peasantries and regimen of accumulation /
sin resumen
Uloženo v:
| Hlavní autor: | |
|---|---|
| Médium: | Kniha |
| Jazyk: | Spanish |
| Témata: | |
| Tagy: |
Přidat tag
Žádné tagy, Buďte první, kdo vytvoří štítek k tomuto záznamu!
|
MARC
| LEADER | 00000nam a22000007a 4500 | ||
|---|---|---|---|
| 003 | cru CIDCACS | ||
| 005 | 20240723143720.0 | ||
| 008 | 240723b |||||||| |||| 00| 0 spa d | ||
| 040 | |c cru CIDCACS | ||
| 100 | 1 | |a Lambé, Luis |9 12292 |e Autor | |
| 245 | 1 | |a Latin American peasantries and regimen of accumulation / |c Luis Lambé | |
| 300 | |a páginas 27-50 | ||
| 520 | |a sin resumen | ||
| 651 | 0 | |a AMERICA LATINA |9 17 | |
| 773 | 0 | |0 19150 |9 11424 |a Centro de Estudios Latinoamericanos y Documentación |d Amsterdam, Países Bajos Centro de Estudios Latinoamericanos y Documentación |o MFN: 3216 |t Revista Europea de Estudios Latinoamericanos y El Caribe = |x 09240608 | |
| 942 | |2 ddc |c PP | ||
| 999 | |c 45938 |d 45938 | ||
